000 01645nam a2200421 4500
999 _c24210
_d24210
001 vtls012064150
005 20260507110959.0
008 210802s2020 xo o gr 001 0 slo
020 _a9788055176826
_q(brožované)
040 _aSNK
_bslo
_cSNK
_erda
041 1 _aslo
_hger
044 _axo
_cSK
072 7 _a635
_xZáhradkárstvo
_2konspekt
080 _a634/635
_22011
080 _a(035)
_22011
100 1 _aHess, Thomas
_4aut
_95583
240 1 0 _aWächst das von allein oder muss ich jetzt was machen?
_lSlovensky
245 1 0 _aRastie to samo - alebo treba s tým niečo robiť?
_bako robiť dôležité záhradné práce v správnom čase : praktický sprievodca pre záhradkárov
_cThoman Hess ; z nemeckého originálu Wächst das von allein oder muss ich jetzt was machen? Alle Gartenarbeiten auf einem Bkick preložila Henrieta Hatalová
246 3 0 _aPrvé vydanie
246 3 0 _aAko robiť dôležité záhradné práce v správnom čase
246 3 0 _aPraktický sprievodca pre záhradkárov
250 _aPrvé vydanie
264 1 _aBratislava
_bIkar, a.s. - Príroda
_c2021
300 _a141 strán
_bfotografie
_c19 x 22 cm
336 _atext
_btxt
_2rdacontent
336 _astatický obraz
_bsti
_2rdacontent
337 _abez média
_bn
_2rdamedia
338 _azväzok
_bnc
_2rdacarrier
500 _aObálkový podnázov
650 0 7 _azáhradkárstvo
_2SNKPH
_94763
650 0 7 _aGardening
_2SNKPHeng
_95584
655 7 _apríručky
_2SNKPH
_91541
655 7 _aHandbooks, manuals, etc.
_2SNKPHeng
_91630
700 1 _aHatalová, Henrieta,
_d1959-
_4trl
_95585
958 _aOP
958 _aDE
958 _aNB